TOWARDS MANAGEMENT IN 2001 (Record no. 34337)

MARC details
000 -LEADER
fixed length control field 00250nam a22001217a 4500
003 - CONTROL NUMBER IDENTIFIER
control field SGT
082 ## - DEWEY DECIMAL CLASSIFICATION NUMBER
Classification number 658,PAR
100 ## - MAIN ENTRY--PERSONAL NAME
Personal name PARKINSON NORTHCOTE
245 ## - TITLE STATEMENT
Title TOWARDS MANAGEMENT IN 2001
260 ## - PUBLICATION, DISTRIBUTION, ETC. (IMPRINT)
Name of publisher, distributor, etc ISBH PUB.
Year of Publication 1993
300 ## - PAGE DESCRIPTION
No. of Pages 210
942 ## - ADDED ENTRY ELEMENTS (KOHA)
Source of classification or shelving scheme Dewey Decimal Classification
Koha item type Books
Holdings
Withdrawn status Lost status Source of classification or shelving scheme Damaged status Not for loan Collection code Home library Current library Shelving location Date acquired Vendor Name SGTU Total Checkouts Full call number Accession No. (Barcode) Date last seen Bill Date Koha item type
    Dewey Decimal Classification     ENGINEERING SGT Engineering Library SGT Engineering Library Text Book 14/03/2026 GIFTED BOOKS SGTU   658,PAR FE9509 14/03/2026 14/03/2026 Gifted Books